Les membres du Conseil fédéral Suisse 2025 - Statistiques

Statistiques générales
  • Ce quiz a été pris 24 fois
  • Le résultat moyen est 6 sur 8
Statistiques - réponses
Hint Réponse % Correct
Chef du Département fédéral de l'économie,de la formation et de la recherche (DEFR). Guy Parmelin
93%
En tête du Département fédéral des affaires étrangères (DFAE). Ignazio Cassis
93%
Présidente de la Confédération,En tête du Département fédérale des finances (DFF) Karin Keller-Sutter
93%
En tête du Département fédéral de l'environnement,des transports, de l'énergie et de la communication (DETEC) Albert Rösti
87%
En tête du Département fédéral de justice et police (DFJP) Beat Jans
80%
En tête du Département fédéral de l’intérieur (DFI) Elisabeth Baume-Schneider
80%
En tête du Département fédéral de la défense,de la protection de la population et des sports (DDPS) Martin Pfister
60%
Chancelier de la Confédération,Chef de l'état-major du Conseil fédéral Viktor Rossi
20%
Aucun quiz correspondant
Distribution des résultats
% des personnes avec chaque résultat
Percentile par nombre de réponses
Votre historique - résultats
Vous n’avez pas pris ce quiz